Strength of Materials (Record no. 5450)
[ view plain ]
| 000 -LEADER | |
|---|---|
| fixed length control field | 00351nam a2200145Ia 4500 |
| 008 - FIXED-LENGTH DATA ELEMENTS--GENERAL INFORMATION | |
| fixed length control field | 191201s2012 xx 000 0 und d |
| 082 ## - DEWEY DECIMAL CLASSIFICATION NUMBER | |
| Classification number | 620.112 |
| Item number | BHS |
| 100 ## - MAIN ENTRY--PERSONAL NAME | |
| Personal name | BHAVIKATTI, SS |
| 245 #0 - TITLE STATEMENT | |
| Title | Strength of Materials |
| 250 ## - EDITION STATEMENT | |
| Edition statement | Rep |
| 260 ## - PUBLICATION, DISTRIBUTION, ETC. (IMPRINT) | |
| Place of publication, distribution, etc | N. Delhi |
| Name of publisher, distributor, etc | Vikas Publication House |
| Date of publication, distribution, etc | 2012 |
| 300 ## - PHYSICAL DESCRIPTION | |
| Extent | 408 |
| 650 ## - SUBJECT ADDED ENTRY--TOPICAL TERM | |
| Topical term or geographic name as entry element | B.Tech(CE) |
| 942 ## - ADDED ENTRY ELEMENTS (KOHA) | |
| Source of classification or shelving scheme | Dewey Decimal Classification |
| Koha item type | Text Books |
| Withdrawn status | Lost status | Source of classification or shelving scheme | Damaged status | Not for loan | Collection code | Home library | Current library | Date acquired | Source of acquisition | Cost, normal purchase price | Bill Number | Total Checkouts | Full call number | Acc. no. / Barcode | Date last seen | Bill Date | Koha item type | Date last borrowed |
|---|---|---|---|---|---|---|---|---|---|---|---|---|---|---|---|---|---|---|
| Dewey Decimal Classification | B.Tech(CE) | PIET C-LIBRARY | PIET C-LIBRARY | 25/07/2012 | IBH, New Delhi | 315.00 | 6408 | 620.112 BHS | 20609 | 04/12/2019 | 24/07/2012 | Text Books | ||||||
| Dewey Decimal Classification | B.Tech(CE) | PIET C-LIBRARY | PIET C-LIBRARY | 25/07/2012 | IBH, New Delhi | 315.00 | 6408 | 1 | 620.112 BHS | 20610 | 13/12/2019 | 24/07/2012 | Text Books | 10/12/2019 | ||||
| Dewey Decimal Classification | B.Tech(CE) | PIET C-LIBRARY | PIET C-LIBRARY | 25/07/2012 | IBH, New Delhi | 315.00 | 6408 | 2 | 620.112 BHS | 20611 | 23/09/2024 | 24/07/2012 | Text Books | 09/09/2024 | ||||
| Dewey Decimal Classification | B.Tech(CE) | PIET C-LIBRARY | PIET C-LIBRARY | 25/07/2012 | IBH, New Delhi | 315.00 | 6408 | 620.112 BHS | 20612 | 04/12/2019 | 24/07/2012 | Text Books | ||||||
| Dewey Decimal Classification | B.Tech(CE) | PIET C-LIBRARY | PIET C-LIBRARY | 25/07/2012 | IBH, New Delhi | 315.00 | 6408 | 620.112 BHS | 20613 | 04/12/2019 | 24/07/2012 | Text Books |